Cincinnati Football: Top 10 All-Time Leaders - Statistics

General Stats
  • This quiz has been taken 6 times
  • The average score is 14 of 55
Answer Stats
Category # Player Amount % Correct
Passing Yards 2 Desmond Ridder 10,239
100%
Interceptions T2 DeAngelo Smith 12
60%
Passing Yards 8 Tony Pike 5,018
60%
Passing Yards T6 Zach Collaros 6,278
60%
Passing Yards 4 Danny McCoin 6,801
40%
Passing Yards 9 Greg Cook 4,906
40%
Receiving Yards 1 Mardy Gilyard 3,003
40%
Rushing Yards 6 Michael Warren II 2,918
40%
Interceptions 1 Mike Mickens 14
40%
Tackles 5 Alex Gordon 352
20%
Rushing Yards 4 Allen Harvin 2,998
20%
Sacks 2 Andre Frazier 22.5
20%
Sacks 10 Andrew Stewart 16.0
20%
Sacks 3 Anthony Hoke 22.0
20%
Receiving Yards 5 Anthony McClung 2,378
20%
Sacks 1 Antwan Peek 27.0
20%
Interceptions T2 Blue Adams 12
20%
Tackles 3 Brad Jackson 392
20%
Receiving Yards 6 Chris Moore 2,301
20%
Rushing Yards 9 Corey Kiner 2,562
20%
Rushing Yards 5 David Small 2,963
20%
Tackles 10 DeJuan Gossett 327
20%
Rushing Yards 2 DeMarco McCleskey 3,487
20%
Passing Yards T6 Deontey Kenner 6,278
20%
Sacks 4 Derek Wolfe 19.5
20%
Receiving Yards 8 D.J. Woods 2,156
20%
Receiving Yards 4 Dominick Goodman 2,512
20%
Tackles 8 Doug Monaghan 338
20%
Interceptions 5 Ed Bolis 11
20%
Sacks T6 George Jamison 18.0
20%
Passing Yards 1 Gino Guidugli 11,453
20%
Passing Yards 3 Gunner Kiel 6,835
20%
Tackles T6 Hassan Champion 351
20%
Passing Yards 5 Hayden Moore 6,518
20%
Rushing Yards 3 Isaiah Pead 3,288
20%
Rushing Yards 8 James Bettis 2,675
20%
Receiving Yards 7 Jim O'Brien 2,285
20%
Tackles 9 J.K. Schaffer 337
20%
Interceptions T2 Jocelyn Borgella 12
20%
Tackles T6 Joe Olding 351
20%
Receiving Yards 9 Kahlil Lewis 2,116
20%
Tackles 1 Karl Woods 502
20%
Receiving Yards 2 LaDaris Vann 2,583
20%
Passing Yards 10 Lance Harp 4,803
20%
Receiving Yards 10 Marlon Pearce 2,096
20%
Rushing Yards 10 Mike Boone 2,250
20%
Tackles 4 Mike Brookins 356
20%
Sacks T6 Nate Dingle 18.0
20%
Tackles 2 Phillip Curry 487
20%
Rushing Yards 1 Reggie Taylor 4,242
20%
Rushing Yards 7 Robert Cooper 2,786
20%
Receiving Yards 3 Shaq Washington 2,563
20%
Sacks T6 Silverberry Mouhon 18.0
20%
Sacks 9 Terrill Byrd 16.5
20%
Sacks 5 Trent Cole 18.5
20%
No matching quizzes found
Score Distribution
Percent of People with Each Score
Percentile by Number Answered
Your Score History
You have not taken this quiz